000 00786nam a2200217 4500
003 LK-CoMWRAF
008 230818b2003 |||||||| |||| 00| 0 eng d
020 _a9832642115
040 _aLK-CoMWRAF
_dLK-CoMWRAF
_eLK-CoMWRAF
041 _aeng
082 _a305.48
_bISL
111 _aREGIONAL WORKSHOPON ISLAMIC FAMILY LAW AND JUSTICE FOR MUSLIM WOMEN
_c(Kuala Lumpur, Malaysia
_dJune 2001)
245 _a Islamic family law and justice for Muslim women
260 _aKuala Lumpur:
_bSisters in Islam,
_c2003
300 _a136 p. ; 23 cm
650 _aDomestic relations (Islamic law)- Asia,- Congresses;
650 _aMuslim women-Legal status, laws-Congresses;
650 _aMarriage (Islamic law)-Asia-Congresses
700 _aBadlishah, Hjh. Nik Noriani Nik
_eed.
942 _cCP
999 _c3209
_d3209